LEADER 01143nas 2200373-a 450 001 9910145498503321 005 20260218112605.0 035 $a(CKB)991042749575378 035 $a(CONSER)sn-92015387- 035 $a(DE-599)ZDB2411988-X 035 $a(DE-599)2411988-X 035 $a(EXLCZ)99991042749575378 100 $a20750630a19689999 -a- a 101 0 $ager 181 $ctxt$2rdacontent 182 $cc$2rdamedia 183 $acr$2rdacarrier 200 00$aBlatt für Sortenwesen 210 $aFrankfurt am Main $cVerlag Alfred Strothe 215 $a1 online resource 311 08$aPrint version: Blatt für Sortenwesen. 0300-4627 (DLC)sn 92015387 (OCoLC)1421103 531 0 $aBl. Sortenw. 606 $aPlant varieties$zGermany$vPeriodicals 606 $aPlant varieties$2fast$3(OCoLC)fst01065730 607 $aGermany$2fast 608 $aPeriodicals.$2fast 615 0$aPlant varieties 615 7$aPlant varieties. 712 02$aGermany (West).$bBundessortenamt. 906 $aJOURNAL 912 $a9910145498503321 920 $aexl_impl conversion 996 $aBlatt für Sortenwesen$92050638 997 $aUNINA